[Event "WYCC Open U18"]
[Site "Porto Carras"]
[Date "2015.10.31"]
[Round "6.11"]
[White "Faizrakhmanov, Ramil"]
[Black "Stathopoulos, Ioannis"]
[Result "1-0"]
[BlackElo "2338"]
[WhiteElo "2389"]
[LiveChessVersion "1.4.6"]

1. d4 {[%clk 1:30:48]} Nf6 {[%clk 1:30:55]} 2. c4 {[%clk 1:31:01]} g6
{[%clk 1:31:20]} 3. Nc3 {[%clk 1:31:09]} Bg7 {[%clk 1:31:43]} 4. e4
{[%clk 1:31:14]} d6 {[%clk 1:32:10]} 5. Be2 {[%clk 1:31:01]} O-O {[%clk 1:32:33]}
6. Bg5 {[%clk 1:30:57]} c5 {[%clk 1:32:31]} 7. d5 {[%clk 1:30:46]} h6
{[%clk 1:32:53]} 8. Be3 {[%clk 1:29:47]} e6 {[%clk 1:33:15]} 9. dxe6
{[%clk 1:28:57]} Bxe6 {[%clk 1:33:43]} 10. Qd2 {[%clk 1:29:00]} Kh7
{[%clk 1:33:32]} 11. h3 {[%clk 1:28:48]} Nc6 {[%clk 1:32:51]} 12. Rd1
{[%clk 1:23:05]} Nd4 {[%clk 1:27:21]} 13. Bd3 {[%clk 1:19:11]} Qa5
{[%clk 0:46:42]} 14. f4 {[%clk 1:02:12]} Rae8 {[%clk 0:34:17]} 15. Kf2
{[%clk 0:45:54]} Bd7 {[%clk 0:31:59]} 16. Nf3 {[%clk 0:45:03]} Qb6
{[%clk 0:22:57]} 17. Rhe1 {[%clk 0:41:39]} Qd8 {[%clk 0:14:45]} 18. Bxd4
{[%clk 0:39:14]} cxd4 {[%clk 0:15:10]} 19. Nd5 {[%clk 0:39:24]} Nxd5
{[%clk 0:12:40]} 20. cxd5 {[%clk 0:38:13]} Qb6 {[%clk 0:09:21]} 21. Kg1
{[%clk 0:35:41]} Bb5 {[%clk 0:07:38]} 22. Bxb5 {[%clk 0:28:26]} d3+
{[%clk 0:08:06]} 23. Kh1 {[%clk 0:24:14]} Qxb5 {[%clk 0:08:30]} 24. Qxd3
{[%clk 0:22:15]} Qxb2 {[%clk 0:08:23]} 25. Re2 {[%clk 0:20:25]} Qf6
{[%clk 0:06:54]} 26. g3 {[%clk 0:20:47]} Qe7 {[%clk 0:05:54]} 27. Kg2
{[%clk 0:19:37]} Qc7 {[%clk 0:05:21]} 28. h4 {[%clk 0:18:19]} h5 {[%clk 0:04:03]}
29. Rde1 {[%clk 0:16:40]} Qc3 {[%clk 0:02:40]} 30. Qb5 {[%clk 0:17:05]} Re7
{[%clk 0:02:23]} 31. e5 {[%clk 0:15:50]} a6 {[%clk 0:02:02]} 32. Qb1
{[%clk 0:15:28]} Qc4 {[%clk 0:01:25]} 33. Rd2 {[%clk 0:12:53]} dxe5
{[%clk 0:00:50]} 34. fxe5 {[%clk 0:13:02]} Kh8 {[%clk 0:00:54]} 35. d6
{[%clk 0:12:50]} Rd7 {[%clk 0:00:38]} 36. e6 {[%clk 0:12:34]} fxe6
{[%clk 0:01:07]} 37. Qxg6 {[%clk 0:12:44]} Qg4 {[%clk 0:01:20]} 38. Ng5
{[%clk 0:12:27]} Bf6 {[%clk 0:00:38]} 39. Re4 {[%clk 0:11:58]} Qf5
{[%clk 0:00:59]} 40. Qxh5+ {[%clk 0:41:32]} Kg8 {[%clk 0:31:15]} 41. Rf2
{[%clk 0:40:01]} Qb5 {[%clk 0:20:29]} 42. Rxe6 {[%clk 0:38:53]} Qd5+
{[%clk 0:19:39]} 43. Kh2 {[%clk 0:39:01]} Bxg5 {[%clk 0:18:19]} 44. Qg6+
{[%clk 0:39:08]} 1-0

[Event "WYCC Open U18"]
[Site "Porto Carras"]
[Date "2015.10.31"]
[Round "6.12"]
[White "Grabinsky, Aaron"]
[Black "Sardana, Rishi"]
[Result "1/2-1/2"]
[BlackElo "2385"]
[WhiteElo "2194"]
[LiveChessVersion "1.4.6"]

1. e4 {[%clk 1:30:58]} c5 {[%clk 1:30:20]} 2. Nf3 {[%clk 1:31:23]} d6
{[%clk 1:30:42]} 3. d4 {[%clk 1:31:49]} cxd4 {[%clk 1:31:08]} 4. Nxd4
{[%clk 1:32:15]} Nf6 {[%clk 1:31:33]} 5. Nc3 {[%clk 1:32:42]} a6 {[%clk 1:31:56]}
6. Be2 {[%clk 1:33:09]} e5 {[%clk 1:32:13]} 7. Nb3 {[%clk 1:33:36]} Be7
{[%clk 1:32:34]} 8. Be3 {[%clk 1:34:02]} O-O {[%clk 1:32:50]} 9. O-O
{[%clk 1:34:26]} Be6 {[%clk 1:33:15]} 10. Qd3 {[%clk 1:34:42]} Nbd7
{[%clk 1:31:43]} 11. Nd5 {[%clk 1:34:38]} Bxd5 {[%clk 1:31:18]} 12. exd5
{[%clk 1:35:03]} Re8 {[%clk 1:24:14]} 13. c4 {[%clk 1:33:41]} Rc8
{[%clk 1:22:13]} 14. Qd2 {[%clk 1:33:09]} Nc5 {[%clk 1:11:12]} 15. Nxc5
{[%clk 1:33:13]} dxc5 {[%clk 1:11:37]} 16. Qc2 {[%clk 1:32:53]} Bd6
{[%clk 1:08:47]} 17. Rae1 {[%clk 1:32:45]} Rc7 {[%clk 1:04:12]} 18. f3
{[%clk 1:31:46]} Nh5 {[%clk 0:49:36]} 19. g3 {[%clk 1:29:24]} g6 {[%clk 0:49:22]}
20. Bd2 {[%clk 1:28:27]} b6 {[%clk 0:35:23]} 21. Bd3 {[%clk 1:25:30]} Ng7
{[%clk 0:26:29]} 22. Re2 {[%clk 1:20:46]} f5 {[%clk 0:23:22]} 23. Rfe1
{[%clk 1:19:36]} Rf7 {[%clk 0:17:44]} 24. Bc3 {[%clk 1:14:35]} Qc7
{[%clk 0:17:51]} 25. b3 {[%clk 1:11:32]} Nh5 {[%clk 0:17:33]} 26. Qd2
{[%clk 1:09:40]} Nf6 {[%clk 0:16:51]} 27. Bc2 {[%clk 1:07:11]} Nd7
{[%clk 0:16:42]} 28. Rf1 {[%clk 1:00:29]} Bf8 {[%clk 0:13:22]} 29. Kg2
{[%clk 0:59:21]} Qd6 {[%clk 0:13:36]} 30. Bb1 {[%clk 0:58:17]} Bg7
{[%clk 0:13:46]} 31. a4 {[%clk 0:55:16]} a5 {[%clk 0:13:38]} 32. h3
{[%clk 0:55:17]} Rfe7 {[%clk 0:09:19]} 33. Rfe1 {[%clk 0:54:29]} Rf8
{[%clk 0:08:45]} 34. Rf1 {[%clk 0:52:26]} Ref7 {[%clk 0:06:52]} 35. Rff2
{[%clk 0:47:52]} Kh8 {[%clk 0:05:40]} 36. Qd3 {[%clk 0:42:10]} Kg8
{[%clk 0:05:16]} 37. Qd2 {[%clk 0:40:41]} Re7 {[%clk 0:04:09]} 38. Rf1
{[%clk 0:40:06]} Rfe8 {[%clk 0:03:47]} 39. Rfe1 {[%clk 0:36:52]} Kh8
{[%clk 0:04:03]} 40. Qd3 {[%clk 1:05:54]} Rf8 {[%clk 0:34:16]} 41. Rf2
{[%clk 1:04:59]} Kg8 {[%clk 0:28:56]} 42. Qd2 {[%clk 1:04:55]} Nf6 43. g4 Nd7 44.
gxf5 gxf5 45. Kh1 1/2-1/2

[Event "WYCC Open U18"]
[Site "Porto Carras"]
[Date "2015.10.31"]
[Round "6.13"]
[White "Tan, Justin"]
[Black "Szotkowski, Jakub"]
[Result "1-0"]
[BlackElo "2328"]
[WhiteElo "2445"]
[LiveChessVersion "1.4.6"]

1. e4 {[%clk 1:30:59]} c5 {[%clk 1:30:42]} 2. Nf3 {[%clk 1:31:25]} e6
{[%clk 1:30:43]} 3. d4 {[%clk 1:31:51]} cxd4 {[%clk 1:30:56]} 4. Nxd4
{[%clk 1:32:15]} Nc6 {[%clk 1:31:18]} 5. Nc3 {[%clk 1:32:27]} Qc7
{[%clk 1:31:34]} 6. Be3 {[%clk 1:32:46]} a6 {[%clk 1:31:16]} 7. Qd2
{[%clk 1:32:33]} Nf6 {[%clk 1:29:49]} 8. O-O-O {[%clk 1:32:57]} Be7
{[%clk 1:28:50]} 9. f3 {[%clk 1:33:19]} b5 {[%clk 1:28:32]} 10. Kb1
{[%clk 1:33:44]} h5 {[%clk 1:26:27]} 11. Bd3 {[%clk 1:27:59]} Bb7
{[%clk 1:21:51]} 12. Rhe1 {[%clk 1:26:18]} Ne5 {[%clk 1:14:52]} 13. Qf2
{[%clk 1:19:08]} Nc4 {[%clk 1:10:00]} 14. Bxc4 {[%clk 1:17:52]} Qxc4
{[%clk 1:05:41]} 15. Nb3 {[%clk 1:12:12]} a5 {[%clk 0:52:27]} 16. Rd4
{[%clk 1:09:50]} Qc6 {[%clk 0:51:13]} 17. e5 {[%clk 1:09:41]} Nd5
{[%clk 0:48:56]} 18. Nxd5 {[%clk 1:09:25]} exd5 {[%clk 0:49:15]} 19. Rd3
{[%clk 1:08:07]} Kf8 {[%clk 0:43:39]} 20. Nd4 {[%clk 1:05:22]} Qa6
{[%clk 0:43:53]} 21. Nf5 {[%clk 1:05:32]} Qe6 {[%clk 0:42:27]} 22. Nxe7
{[%clk 1:04:20]} Kxe7 {[%clk 0:42:51]} 23. Bc5+ {[%clk 1:04:33]} Kd8
{[%clk 0:41:58]} 24. f4 {[%clk 0:55:07]} Ra6 {[%clk 0:26:24]} 25. f5
{[%clk 0:54:04]} Qe8 {[%clk 0:26:27]} 26. Bd6 {[%clk 0:47:19]} Rh6
{[%clk 0:22:19]} 27. Rg3 {[%clk 0:43:48]} Qh8 {[%clk 0:21:07]} 28. Qc5
{[%clk 0:42:41]} Bc6 {[%clk 0:18:09]} 29. Bf8 {[%clk 0:34:38]} Rh7
{[%clk 0:16:09]} 30. e6 {[%clk 0:32:22]} fxe6 {[%clk 0:16:34]} 31. fxe6
{[%clk 0:32:44]} g5 {[%clk 0:16:52]} 32. e7+ {[%clk 0:33:04]} Ke8
{[%clk 0:17:15]} 33. Qd6 {[%clk 0:30:58]} 1-0

[Event "WYCC Open U18"]
[Site "Porto Carras"]
[Date "2015.10.31"]
[Round "6.14"]
[White "Vaibhav, Suri"]
[Black "Lai, Hing Ting"]
[Result "1-0"]
[WhiteElo "2561"]
[BlackElo "2334"]
[PlyCount "133"]
[EventDate "2015.??.??"]
[WhiteClock "0:04:46"]
[BlackClock "0:00:32"]

1. d4 Nf6 2. c4 e6 3. Nf3 b6 4. g3 Ba6 5. b3 Bb4+ 6. Bd2 Be7 7. Nc3 c6 8. e4 d5
9. Qc2 O-O 10. e5 Ne8 11. Bd3 h6 12. O-O Nc7 13. Qc1 f5 14. exf6 Bxf6 15. Bf4
c5 16. dxc5 bxc5 17. Qe1 Bxc3 18. Qxc3 g5 19. Bxc7 Qxc7 20. Bc2 Nc6 21. Rae1
Rae8 22. a3 Qg7 23. Qd3 g4 24. Nh4 Nd4 25. Bd1 e5 26. Qg6 Qxg6 27. Nxg6 Rf5 28.
Re3 dxc4 29. bxc4 Rg5 30. Nh4 Bxc4 31. Rfe1 Bd5 32. Rc3 Rc8 33. f4 gxf3 34.
Bxf3 Be6 35. Be4 Bg4 36. Nf3 Bxf3 37. Bxf3 Kf7 38. Kg2 Rb8 39. h4 Rf5 40. Bg4
Rb2+ 41. Kh3 Rff2 42. Bh5+ Kf6 43. Rxc5 Rf5 44. Bg4 Rff2 45. Bh5 Rf5 46. Re3
Rxh5 47. g4 Nf5 48. Rc6+ Kf7 49. gxf5 Rxf5 50. Rxh6 a5 51. Ra6 Rb5 52. Rc3 Rf6
53. Ra7+ Ke6 54. Rc6+ Kf5 55. Rxf6+ Kxf6 56. Kg4 e4 57. Ra6+ Ke5 58. h5 e3 59.
Kf3 Kd4 60. Rd6+ Kc4 61. h6 Re5 62. Ke2 Kc5 63. Rg6 Re8 64. Rg5+ Kd4 65. Rxa5
Rh8 66. Rh5 Rh7 67. a4 1-0

[Event "WYCC Open U18"]
[Site "Porto Carras"]
[Date "2015.10.31"]
[Round "6.15"]
[White "Wu, Christopher"]
[Black "Harutyunian, Tigran K."]
[Result "0-1"]
[BlackElo "2459"]
[WhiteElo "2324"]
[LiveChessVersion "1.4.6"]

1. e4 {[%clk 1:30:52]} e5 {[%clk 1:30:43]} 2. Nf3 {[%clk 1:31:16]} Nc6
{[%clk 1:31:01]} 3. Bb5 {[%clk 1:31:36]} a6 {[%clk 1:30:46]} 4. Ba4
{[%clk 1:32:01]} Nf6 {[%clk 1:31:07]} 5. O-O {[%clk 1:32:15]} Be7
{[%clk 1:31:13]} 6. Re1 {[%clk 1:32:23]} b5 {[%clk 1:31:21]} 7. Bb3
{[%clk 1:32:47]} O-O {[%clk 1:31:37]} 8. a4 {[%clk 1:32:56]} b4 {[%clk 1:31:29]}
9. d4 {[%clk 1:33:09]} d6 {[%clk 1:31:24]} 10. dxe5 {[%clk 1:33:18]} dxe5
{[%clk 1:31:46]} 11. Nbd2 {[%clk 1:33:36]} Bc5 {[%clk 1:30:13]} 12. a5
{[%clk 1:33:32]} h6 {[%clk 1:26:58]} 13. Qe2 {[%clk 1:26:31]} Qe7
{[%clk 1:11:14]} 14. Bc4 {[%clk 1:16:00]} Re8 {[%clk 0:46:12]} 15. c3
{[%clk 1:03:01]} bxc3 {[%clk 0:42:59]} 16. bxc3 {[%clk 1:02:55]} Bd6
{[%clk 0:42:52]} 17. Nf1 {[%clk 0:53:23]} Be6 {[%clk 0:32:14]} 18. Bxa6
{[%clk 0:43:43]} Reb8 {[%clk 0:32:27]} 19. Ng3 {[%clk 0:41:06]} Bc5
{[%clk 0:32:22]} 20. h3 {[%clk 0:37:42]} Ra7 {[%clk 0:30:58]} 21. Nf5
{[%clk 0:29:38]} Bxf5 {[%clk 0:30:09]} 22. exf5 {[%clk 0:30:02]} e4
{[%clk 0:30:24]} 23. Nd2 {[%clk 0:27:51]} Qe5 {[%clk 0:30:29]} 24. Ba3
{[%clk 0:19:09]} Qxf5 {[%clk 0:26:51]} 25. Bxc5 {[%clk 0:10:53]} Qxc5
{[%clk 0:27:19]} 26. Bc4 {[%clk 0:08:38]} Ne5 {[%clk 0:21:28]} 27. Ba2
{[%clk 0:08:22]} Nd3 {[%clk 0:13:40]} 28. Nxe4 {[%clk 0:06:19]} Nxe4
{[%clk 0:14:01]} 29. Qxd3 {[%clk 0:06:34]} Qxf2+ {[%clk 0:14:16]} 30. Kh2
{[%clk 0:06:56]} Qf4+ {[%clk 0:05:29]} 31. Kg1 {[%clk 0:07:21]} Qf2+
{[%clk 0:05:45]} 32. Kh2 {[%clk 0:07:50]} Nd6 {[%clk 0:05:45]} 33. Rf1
{[%clk 0:05:24]} Qc5 {[%clk 0:05:57]} 34. a6 {[%clk 0:05:19]} Rba8
{[%clk 0:03:14]} 35. Qf3 {[%clk 0:04:10]} Rf8 {[%clk 0:02:57]} 36. Bd5
{[%clk 0:04:09]} Kh8 {[%clk 0:02:48]} 37. Ra4 {[%clk 0:03:53]} Nb5
{[%clk 0:02:19]} 38. c4 {[%clk 0:01:14]} Nd4 {[%clk 0:02:37]} 39. Qe3
{[%clk 0:01:23]} c6 {[%clk 0:02:51]} 40. Be4 {[%clk 0:30:35]} Re8
{[%clk 0:32:21]} 41. Qf4 {[%clk 0:24:52]} Ne2 {[%clk 0:29:33]} 42. Qf5
{[%clk 0:24:01]} Qd6+ {[%clk 0:29:53]} 43. g3 {[%clk 0:24:21]} Qxg3+
{[%clk 0:27:12]} 44. Kh1 {[%clk 0:24:46]} Rxe4 {[%clk 0:27:34]} 45. Qc8+
{[%clk 0:25:06]} Kh7 {[%clk 0:27:58]} 46. Qf5+ {[%clk 0:25:32]} g6
{[%clk 0:27:16]} 47. Qf3 {[%clk 0:25:57]} Qxf3+ {[%clk 0:26:03]} 48. Rxf3
{[%clk 0:26:22]} Nd4 {[%clk 0:26:28]} 49. Rf6 {[%clk 0:26:27]} Re6
{[%clk 0:26:48]} 50. Rf4 {[%clk 0:26:52]} c5 {[%clk 0:27:14]} 0-1

[Event "WYCC Open U18"]
[Site "Porto Carras"]
[Date "2015.10.31"]
[Round "6.16"]
[White "Huber, Martin Christian"]
[Black "Ali Marandi, Cemil Can"]
[Result "1/2-1/2"]
[BlackElo "2439"]
[WhiteElo "2312"]
[LiveChessVersion "1.4.6"]

1. d4 {[%clk 1:30:59]} g6 {[%clk 1:30:53]} 2. c4 {[%clk 1:31:16]} Bg7
{[%clk 1:31:18]} 3. e4 {[%clk 1:31:32]} d6 {[%clk 1:31:42]} 4. Nc3
{[%clk 1:31:37]} e5 {[%clk 1:32:03]} 5. Nf3 {[%clk 1:31:19]} Nc6 {[%clk 1:31:01]}
6. Bg5 {[%clk 1:31:10]} f6 {[%clk 1:30:54]} 7. Be3 {[%clk 1:31:15]} Nh6
{[%clk 1:31:03]} 8. d5 {[%clk 1:27:36]} Ne7 {[%clk 1:30:40]} 9. Qc1
{[%clk 1:25:31]} Nf7 {[%clk 1:27:28]} 10. h4 {[%clk 1:23:14]} f5 {[%clk 1:21:22]}
11. exf5 {[%clk 1:21:39]} gxf5 {[%clk 1:21:19]} 12. h5 {[%clk 1:21:28]} O-O
{[%clk 1:20:25]} 13. h6 {[%clk 1:14:49]} Bf6 {[%clk 1:19:19]} 14. Qc2
{[%clk 1:14:57]} Ng6 {[%clk 1:17:58]} 15. O-O-O {[%clk 1:13:24]} Re8
{[%clk 1:11:17]} 16. g3 {[%clk 1:09:22]} Bd7 {[%clk 1:06:00]} 17. Bh3
{[%clk 1:06:13]} Qc8 {[%clk 1:03:52]} 18. Rdg1 {[%clk 1:02:38]} e4
{[%clk 1:02:16]} 19. Nd2 {[%clk 0:56:53]} Nfe5 {[%clk 1:00:28]} 20. g4
{[%clk 0:54:07]} fxg4 {[%clk 0:59:26]} 21. Bg2 {[%clk 0:49:31]} b5
{[%clk 0:53:52]} 22. cxb5 {[%clk 0:40:25]} a6 {[%clk 0:53:00]} 23. Bxe4
{[%clk 0:34:06]} axb5 {[%clk 0:49:05]} 24. f4 {[%clk 0:32:09]} b4
{[%clk 0:48:15]} 25. fxe5 {[%clk 0:30:08]} bxc3 {[%clk 0:48:17]} 26. exf6
{[%clk 0:28:24]} cxd2+ {[%clk 0:47:51]} 27. Kxd2 {[%clk 0:25:02]} Kf7
{[%clk 0:44:41]} 28. a3 {[%clk 0:24:55]} Qb7 {[%clk 0:37:49]} 29. Rc1
{[%clk 0:20:56]} Rxe4 {[%clk 0:31:14]} 30. Qxe4 {[%clk 0:20:36]} Qxb2+
{[%clk 0:31:25]} 31. Qc2 {[%clk 0:16:16]} Qxa3 {[%clk 0:28:53]} 32. Ra1
{[%clk 0:14:10]} Qb4+ {[%clk 0:27:59]} 33. Qc3 {[%clk 0:14:37]} Qe4
{[%clk 0:28:09]} 34. Qd3 {[%clk 0:10:46]} Qg2+ {[%clk 0:26:48]} 35. Kc3
{[%clk 0:11:00]} Re8 {[%clk 0:24:30]} 36. Rhe1 {[%clk 0:10:46]} Re5
{[%clk 0:15:12]} 37. Ra7 {[%clk 0:09:58]} Rxd5 {[%clk 0:14:42]} 38. Bd4
{[%clk 0:10:14]} Rb5 {[%clk 0:15:06]} 39. Qxb5 {[%clk 0:02:46]} Bxb5
{[%clk 0:14:42]} 40. Rxc7+ {[%clk 0:33:14]} Kf8 {[%clk 0:44:59]} 41. f7
{[%clk 0:29:35]} Qc6+ {[%clk 0:35:27]} 42. Rxc6 {[%clk 0:26:41]} Bxc6
{[%clk 0:35:54]} 43. Re6 {[%clk 0:27:00]} Ne7 {[%clk 0:33:49]} 44. Rxd6
{[%clk 0:25:19]} Kxf7 {[%clk 0:34:04]} 45. Be5 {[%clk 0:23:59]} Be4
{[%clk 0:32:44]} 46. Rf6+ {[%clk 0:23:45]} Kg8 {[%clk 0:32:05]} 47. Kd4
{[%clk 0:23:45]} Bg6 {[%clk 0:32:07]} 48. Bd6 {[%clk 0:22:39]} Nf5+
{[%clk 0:32:20]} 1/2-1/2

[Event "WYCC Open U18"]
[Site "Porto Carras"]
[Date "2015.10.31"]
[Round "6.17"]
[White "Korpa, Bence"]
[Black "Taylor, Adam C"]
[Result "1-0"]
[BlackElo "2292"]
[WhiteElo "2430"]
[LiveChessVersion "1.4.6"]

1. Nf3 {[%clk 1:30:53]} c5 {[%clk 1:30:40]} 2. e4 {[%clk 1:29:21]} d6
{[%clk 1:30:57]} 3. d4 {[%clk 1:29:41]} cxd4 {[%clk 1:31:23]} 4. Nxd4
{[%clk 1:30:05]} Nf6 {[%clk 1:31:42]} 5. Nc3 {[%clk 1:30:31]} a6 {[%clk 1:31:51]}
6. h3 {[%clk 1:30:52]} g6 {[%clk 1:31:24]} 7. g4 {[%clk 1:30:02]} Bg7
{[%clk 1:25:43]} 8. Bg2 {[%clk 1:30:17]} Qb6 {[%clk 1:15:47]} 9. Nb3
{[%clk 1:22:04]} Nc6 {[%clk 1:15:07]} 10. Be3 {[%clk 1:21:57]} Qc7
{[%clk 1:14:46]} 11. O-O {[%clk 1:20:22]} Be6 {[%clk 1:06:54]} 12. f4
{[%clk 1:16:52]} Rc8 {[%clk 1:05:23]} 13. Nd5 {[%clk 1:12:25]} Bxd5
{[%clk 1:04:14]} 14. exd5 {[%clk 1:12:45]} Na5 {[%clk 1:01:50]} 15. Nxa5
{[%clk 1:09:56]} Qxa5 {[%clk 1:02:13]} 16. c3 {[%clk 1:04:57]} O-O
{[%clk 1:01:26]} 17. g5 {[%clk 0:55:30]} Nd7 {[%clk 0:58:49]} 18. h4
{[%clk 0:55:51]} Rc4 {[%clk 0:46:16]} 19. h5 {[%clk 0:53:47]} b5 {[%clk 0:40:51]}
20. h6 {[%clk 0:50:15]} Bh8 {[%clk 0:41:10]} 21. a3 {[%clk 0:50:31]} Qc7
{[%clk 0:39:40]} 22. Re1 {[%clk 0:43:03]} Nc5 {[%clk 0:34:57]} 23. Bf1
{[%clk 0:31:54]} Re4 {[%clk 0:35:20]} 24. Qf3 {[%clk 0:32:02]} f5
{[%clk 0:34:56]} 25. gxf6 {[%clk 0:28:46]} Bxf6 {[%clk 0:34:45]} 26. b4
{[%clk 0:28:00]} Rxe3 {[%clk 0:33:17]} 27. Qxe3 {[%clk 0:25:34]} Na4
{[%clk 0:29:38]} 28. Rac1 {[%clk 0:25:53]} Nxc3 {[%clk 0:26:09]} 29. Rc2
{[%clk 0:20:50]} Kh8 {[%clk 0:22:59]} 30. Kh2 {[%clk 0:19:32]} a5
{[%clk 0:19:12]} 31. Rec1 {[%clk 0:11:05]} axb4 {[%clk 0:19:01]} 32. axb4
{[%clk 0:11:31]} Nxd5 {[%clk 0:19:00]} 33. Rxc7 {[%clk 0:10:51]} Nxe3
{[%clk 0:19:22]} 34. Bxb5 {[%clk 0:08:03]} Ng4+ {[%clk 0:17:32]} 35. Kg2
{[%clk 0:08:25]} Nxh6 {[%clk 0:17:11]} 36. Rc8 {[%clk 0:08:30]} Rxc8
{[%clk 0:17:27]} 37. Rxc8+ {[%clk 0:08:53]} Kg7 {[%clk 0:17:54]} 38. Bd7
{[%clk 0:08:46]} Bd4 {[%clk 0:15:22]} 39. b5 {[%clk 0:08:33]} Ng8
{[%clk 0:12:37]} 40. Be6 {[%clk 0:37:54]} Nf6 {[%clk 0:42:51]} 41. Kf3
{[%clk 0:38:12]} Nh5 {[%clk 0:39:44]} 42. Rb8 {[%clk 0:36:27]} d5
{[%clk 0:34:55]} 43. Bxd5 {[%clk 0:31:38]} Bc5 {[%clk 0:32:53]} 44. b6
{[%clk 0:30:22]} Nxf4 {[%clk 0:31:35]} 45. Rg8+ {[%clk 0:30:36]} Kf6
{[%clk 0:31:54]} 46. Kxf4 {[%clk 0:30:55]} Bxb6 {[%clk 0:32:00]} 47. Rf8+
{[%clk 0:31:16]} Kg7 {[%clk 0:32:49]} 48. Rf7+ {[%clk 0:32:07]} Kh6
{[%clk 0:31:38]} 49. Rxe7 {[%clk 0:32:28]} Bc5 {[%clk 0:31:55]} 50. Rd7
{[%clk 0:32:49]} g5+ {[%clk 0:30:46]} 51. Kg4 {[%clk 0:33:08]} Bb4
{[%clk 0:28:50]} 52. Be4 {[%clk 0:33:27]} Be7 {[%clk 0:29:16]} 53. Ra7
{[%clk 0:33:47]} 1-0

[Event "WYCC Open U18"]
[Site "Porto Carras"]
[Date "2015.10.31"]
[Round "6.18"]
[White "Codenotti, Marco"]
[Black "Viennot, Dylan"]
[Result "1-0"]
[BlackElo "2279"]
[WhiteElo "2419"]
[LiveChessVersion "1.4.6"]

1. e4 {[%clk 1:30:57]} e6 {[%clk 1:30:55]} 2. d4 {[%clk 1:31:22]} d5
{[%clk 1:31:18]} 3. Nd2 {[%clk 1:31:49]} Be7 {[%clk 1:31:41]} 4. Bd3
{[%clk 1:32:02]} c5 {[%clk 1:31:42]} 5. dxc5 {[%clk 1:32:28]} Nf6
{[%clk 1:31:21]} 6. Qe2 {[%clk 1:32:49]} O-O {[%clk 1:30:26]} 7. Ngf3
{[%clk 1:32:51]} Nc6 {[%clk 1:30:01]} 8. O-O {[%clk 1:26:23]} a5 {[%clk 1:08:47]}
9. c4 {[%clk 1:08:15]} dxc4 {[%clk 0:54:31]} 10. Nxc4 {[%clk 1:08:12]} Nd7
{[%clk 0:54:13]} 11. Bf4 {[%clk 0:57:53]} f6 {[%clk 0:43:42]} 12. e5
{[%clk 0:51:20]} fxe5 {[%clk 0:39:20]} 13. Be3 {[%clk 0:47:22]} Nxc5
{[%clk 0:22:54]} 14. Bxc5 {[%clk 0:45:27]} Bxc5 {[%clk 0:23:21]} 15. Ncxe5
{[%clk 0:45:40]} Nxe5 {[%clk 0:19:38]} 16. Nxe5 {[%clk 0:45:44]} g6
{[%clk 0:18:46]} 17. Rad1 {[%clk 0:38:33]} Qf6 {[%clk 0:17:26]} 18. Bc4
{[%clk 0:37:37]} b6 {[%clk 0:15:02]} 19. Ng4 {[%clk 0:37:04]} Qg7
{[%clk 0:12:06]} 20. Bxe6+ {[%clk 0:29:55]} Bxe6 {[%clk 0:10:48]} 21. Qxe6+
{[%clk 0:30:23]} Kh8 {[%clk 0:11:06]} 22. Qe5 {[%clk 0:15:36]} Rae8
{[%clk 0:10:15]} 23. Qxg7+ {[%clk 0:15:34]} Kxg7 {[%clk 0:10:43]} 24. Rfe1
{[%clk 0:14:26]} Rxe1+ {[%clk 0:06:56]} 25. Rxe1 {[%clk 0:14:55]} h5
{[%clk 0:07:12]} 26. Ne3 {[%clk 0:15:20]} Rd8 {[%clk 0:06:13]} 27. Rd1
{[%clk 0:14:42]} Rc8 {[%clk 0:06:18]} 28. Nd5 {[%clk 0:13:37]} Rf8
{[%clk 0:02:46]} 29. Rd2 {[%clk 0:13:36]} Re8 {[%clk 0:01:53]} 30. Kf1
{[%clk 0:13:49]} Re5 {[%clk 0:01:40]} 31. f3 {[%clk 0:11:18]} Kf7
{[%clk 0:01:43]} 32. Nc3 {[%clk 0:11:29]} Bb4 {[%clk 0:01:15]} 33. Rd7+
{[%clk 0:11:36]} Ke6 {[%clk 0:00:35]} 34. Rb7 {[%clk 0:12:04]} b5
{[%clk 0:00:41]} 35. Rb6+ {[%clk 0:10:43]} Kf7 {[%clk 0:00:56]} 36. Rxb5
{[%clk 0:09:34]} Bxc3 {[%clk 0:00:58]} 37. Rb7+ {[%clk 0:10:03]} Kf6
{[%clk 0:00:52]} 38. bxc3 {[%clk 0:10:31]} Rd5 {[%clk 0:00:58]} 39. Ke2
{[%clk 0:10:37]} Rg5 {[%clk 0:01:12]} 40. Rb6+ {[%clk 0:40:51]} Kf7
{[%clk 0:31:29]} 41. g3 {[%clk 0:41:11]} h4 {[%clk 0:30:44]} 42. f4
{[%clk 0:37:42]} Rc5 {[%clk 0:30:56]} 43. Kd3 {[%clk 0:37:00]} Rd5+
{[%clk 0:29:35]} 44. Kc2 {[%clk 0:37:18]} h3 {[%clk 0:28:50]} 45. a4
{[%clk 0:36:59]} Rd7 {[%clk 0:28:15]} 46. Rb5 {[%clk 0:36:58]} Ra7
{[%clk 0:28:42]} 47. Re5 {[%clk 0:36:51]} Kf6 {[%clk 0:27:40]} 48. c4
{[%clk 0:35:46]} Rc7 {[%clk 0:27:00]} 49. c5 {[%clk 0:35:42]} Rc6
{[%clk 0:26:51]} 50. Kc3 {[%clk 0:35:38]} Rc8 {[%clk 0:27:18]} 51. Kc4
{[%clk 0:34:08]} Rb8 {[%clk 0:27:39]} 52. Re2 {[%clk 0:34:07]} Rb4+
{[%clk 0:25:38]} 53. Kd5 {[%clk 0:34:36]} Rb1 {[%clk 0:24:47]} 54. c6
{[%clk 0:34:49]} Rc1 {[%clk 0:24:14]} 55. Kd6 {[%clk 0:35:17]} Kf5
{[%clk 0:24:24]} 56. c7 {[%clk 0:34:59]} Rd1+ {[%clk 0:24:46]} 57. Kc6
{[%clk 0:35:27]} Rc1+ {[%clk 0:25:12]} 58. Kb6 {[%clk 0:35:33]} Rb1+
{[%clk 0:24:55]} 59. Kxa5 {[%clk 0:36:00]} Rc1 {[%clk 0:25:20]} 60. Kb6
{[%clk 0:36:25]} Rb1+ {[%clk 0:25:45]} 61. Ka7 {[%clk 0:36:50]} 1-0

[Event "WYCC Open U18"]
[Site "Porto Carras"]
[Date "2015.11.01"]
[Round "7.1"]
[White "Mosadeghpour, Masoud"]
[Black "Iovcov, Valerii"]
[Result "1-0"]
[BlackElo "2421"]
[WhiteElo "2420"]
[LiveChessVersion "1.4.6"]

1. e4 {[%clk 1:30:57]} e5 {[%clk 1:30:53]} 2. Nf3 {[%clk 1:30:42]} Nc6
{[%clk 1:31:18]} 3. d4 {[%clk 1:30:51]} exd4 {[%clk 1:31:40]} 4. Nxd4
{[%clk 1:31:16]} Bc5 {[%clk 1:31:55]} 5. Nb3 {[%clk 1:30:59]} Bb6
{[%clk 1:32:20]} 6. Nc3 {[%clk 1:31:23]} Nge7 {[%clk 1:32:44]} 7. Qe2
{[%clk 1:31:43]} O-O {[%clk 1:32:40]} 8. Be3 {[%clk 1:32:07]} d6 {[%clk 1:25:34]}
9. O-O-O {[%clk 1:31:24]} Bxe3+ {[%clk 1:22:34]} 10. Qxe3 {[%clk 1:31:52]} a5
{[%clk 1:22:24]} 11. a3 {[%clk 1:30:31]} a4 {[%clk 1:18:28]} 12. Nd2
{[%clk 1:22:49]} f5 {[%clk 1:12:13]} 13. f4 {[%clk 1:20:35]} fxe4
{[%clk 1:04:01]} 14. Ndxe4 {[%clk 1:19:41]} d5 {[%clk 0:50:22]} 15. Bc4
{[%clk 1:14:03]} Ra5 {[%clk 0:50:31]} 16. Nc5 {[%clk 1:08:20]} Qd6
{[%clk 0:45:09]} 17. Bxd5+ {[%clk 0:49:05]} Nxd5 {[%clk 0:45:35]} 18. Rxd5
{[%clk 0:49:27]} Qxf4 {[%clk 0:45:52]} 19. Qxf4 {[%clk 0:49:52]} Rxf4
{[%clk 0:46:13]} 20. Re1 {[%clk 0:50:13]} Kf7 {[%clk 0:40:49]} 21. g3
{[%clk 0:41:43]} Rc4 {[%clk 0:37:55]} 22. Rf1+ {[%clk 0:29:52]} Ke8
{[%clk 0:36:22]} 23. Re1+ {[%clk 0:28:56]} Kf7 {[%clk 0:33:39]} 24. N5e4
{[%clk 0:28:55]} Bf5 {[%clk 0:28:33]} 25. Rxa5 {[%clk 0:26:01]} Nxa5
{[%clk 0:28:59]} 26. Rf1 {[%clk 0:26:16]} Ke6 {[%clk 0:28:27]} 27. Ng5+
{[%clk 0:21:06]} Ke5 {[%clk 0:28:53]} 28. Nf3+ {[%clk 0:21:22]} Kf6
{[%clk 0:03:44]} 29. Nd5+ {[%clk 0:20:47]} Ke6 {[%clk 0:04:09]} 30. Ne3
{[%clk 0:19:17]} Rc5 {[%clk 0:04:34]} 31. Ng5+ {[%clk 0:19:41]} 1-0